[Event "LXIII ch-POL"]
[Site "Krakow POL"]
[Date "2006.02.27"]
[Round "3"]
[White "Dziuba,M"]
[Black "Bobras,P"]
[Result "0-1"]
[WhiteElo "2491"]
[BlackElo "2531"]

1.d4 Nf6 2.c4 g6 3.Nc3 d5 4.cxd5 Nxd5 5.e4 Nxc3 6.bxc3 Bg7 7.Nf3 c5 8.Rb1 O-O
9.Be2 Nc6 10.d5 Ne5 11.Nxe5 Bxe5 12.Qd2 e6 13.f4 Bc7 14.O-O exd5 15.exd5 Ba5
16.f5 Bxf5 17.Rxb7 Qf6 18.Bb2 Rab8 19.Rxb8 Rxb8 20.g4 Qb6 21.gxf5 Qxb2 22.Qxb2 Rxb2
23.Bc4 Bxc3 24.a4 Bd4+ 25.Kh1 Be5 26.Re1 Rxh2+ 27.Kg1 Rc2 28.Rxe5 Rxc4 29.f6 Kf8
30.d6 Rd4 31.Rxc5 Ke8 32.Re5+ Kd7 33.Re7+ Kxd6 34.Rxf7 Rxa4 35.Rxh7 Ke6 36.f7 Ke7
37.Kg2 Kf8 38.Kg3 Ra5 39.Kg4 Rh5  0-1

[Event "III GM-Tage"]
[Site "Pulvermuehle GER"]
[Date "2006.03.05"]
[Round "9"]
[White "Jussupow,Ar"]
[Black "Braun,A"]
[Result "1/2-1/2"]
[WhiteElo "2605"]
[BlackElo "2491"]

1.d4 Nf6 2.c4 g6 3.Nc3 d5 4.cxd5 Nxd5 5.e4 Nxc3 6.bxc3 Bg7 7.Bc4 O-O 8.Ne2 c5
9.O-O cxd4 10.cxd4 Nc6 11.Be3 Bg4 12.f3 Na5 13.Bxf7+ Rxf7 14.fxg4 Rxf1+ 15.Kxf1 e5
16.Kg1 Rc8 17.dxe5 Bxe5 18.Qxd8+ Rxd8 19.Rb1 b6 20.Rc1 Kf7 21.Bf4 Ke6 22.Bxe5 Kxe5
23.Rc7 Rd2 24.Kf1 Rxa2 25.Re7+ Kf6 26.Rxa7 h6  1/2-1/2

[Event "FSIMA March"]
[Site "Budapest HUN"]
[Date "2006.03.07"]
[Round "4"]
[White "Szeberenyi,A"]
[Black "Horvath,And"]
[Result "1-0"]
[WhiteElo "2395"]
[BlackElo "2329"]

1.d4 Nf6 2.c4 g6 3.Nc3 d5 4.cxd5 Nxd5 5.e4 Nxc3 6.bxc3 Bg7 7.Qa4+ Nd7 8.Nf3 O-O
9.Bg5 c5 10.Rd1 Qc7 11.Bd3 cxd4 12.cxd4 e5 13.Rc1 Qd6 14.Bd2 exd4 15.Bb4 Qf4
16.O-O Nb6 17.Qa3 Bg4 18.Bd6 Qh6 19.Ne5 Be6 20.Bxf8 Bxf8 21.Qb2 Rd8 22.f4 Bd6
23.Qf2 Qf8 24.Qh4 Be7 25.Qg3 Bxa2 26.Ra1 Bb3 27.Rxa7 f6 28.Rxb7 fxe5 29.Rxb6  1-0

[Event "XXII Open"]
[Site "Reykjavik ISL"]
[Date "2006.03.07"]
[Round "2"]
[White "Palsson,S"]
[Black "Halldorsson,H"]
[Result "0-1"]
[WhiteElo "1720"]
[BlackElo "2226"]

1.d4 Nf6 2.c4 g6 3.Nc3 d5 4.cxd5 Nxd5 5.e4 Nxc3 6.bxc3 Bg7 7.Be3 c5 8.Qd2 Nc6
9.Bb5 O-O 10.Ne2 Qa5 11.Rb1 Rd8 12.d5 Ne5 13.Bxc5 a6 14.Bxe7 axb5 15.Bxd8 Qxd8
16.Nd4 Qh4 17.Qc2 Nc4 18.g3 Qe7 19.Qd3 Bh3 20.f4 Rxa2 21.Nxb5 Na3 22.d6 Qd7
23.Nxa3 Rxa3 24.Rc1 Qc6 25.Kd2 Qc5 26.Rc2 Bd7 27.Rb1 b5 28.Rb4 Qf2+ 29.Qe2 Bxc3+
30.Kc1 Qg1+  0-1

[Event "FSIMA March"]
[Site "Budapest HUN"]
[Date "2006.03.08"]
[Round "5"]
[White "Petran,Pa"]
[Black "Szeberenyi,A"]
[Result "1/2-1/2"]
[WhiteElo "2426"]
[BlackElo "2395"]

1.d4 Nf6 2.c4 g6 3.Nc3 d5 4.cxd5 Nxd5 5.e4 Nxc3 6.bxc3 Bg7 7.Bc4 c5 8.Ne2 Nc6
9.Be3 O-O 10.O-O Bg4 11.f3 Na5 12.Bd3 cxd4 13.cxd4 Be6 14.d5 Bxa1 15.Qxa1 f6
16.Kh1  1/2-1/2

[Event "XXII Open"]
[Site "Reykjavik ISL"]
[Date "2006.03.08"]
[Round "3"]
[White "Stefansson,H"]
[Black "Sigfusson,S"]
[Result "1-0"]
[WhiteElo "2585"]
[BlackElo "2339"]

1.d4 Nf6 2.c4 g6 3.Nc3 d5 4.cxd5 Nxd5 5.e4 Nxc3 6.bxc3 Bg7 7.Qa4+ Nd7 8.Nf3 O-O
9.Be2 c5 10.O-O cxd4 11.cxd4 Nf6 12.Bd3 Bd7 13.Qb4 a5 14.Qxb7 Rb8 15.Qa7 Bc6
16.Re1 Nd7 17.Bf4 e5 18.dxe5 Nb6 19.Be3 Qxd3 20.Bxb6 Ra8 21.Qe7 Rfe8 22.Qh4 h6
23.Bd4 Rab8 24.Rac1 Bd7 25.Rc3 Qa6 26.Qf4 Be6 27.a3 Red8 28.h3 a4 29.Bc5 Rb3
30.Bb4 Rd3 31.Rxd3 Qxd3 32.Qc1 Bxh3 33.Nd2 Rxb4 34.axb4 Be6 35.Re3 Qb5 36.Qc5 Qxc5
37.bxc5 Bxe5 38.Ra3 Bf4 39.Nf3 Bd7 40.Rc3 Bc8  1-0

[Event "FSIMA March"]
[Site "Budapest HUN"]
[Date "2006.03.09"]
[Round "6"]
[White "Fodor,T jr"]
[Black "Horvath,And"]
[Result "1-0"]
[WhiteElo "2302"]
[BlackElo "2329"]

1.d4 Nf6 2.c4 g6 3.Nc3 d5 4.cxd5 Nxd5 5.e4 Nxc3 6.bxc3 Bg7 7.Qa4+ Nd7 8.Nf3 O-O
9.Be2 b6 10.Be3 Bb7 11.Qc2 e5 12.O-O Qe7 13.d5 f5 14.Rfd1 f4 15.Bc1 Nc5 16.Ba3 Rad8
17.Ne1 Bc8 18.Nd3 Rf6 19.Nxc5 bxc5 20.Qa4 a6 21.Qc4 Kh8 22.Bxc5 Qf7 23.f3 g5
24.Rab1 Bd7 25.Qb4 Rh6 26.h3 Bxh3 27.gxh3 Rxh3 28.Kf2 g4 29.Rh1 Qh5 30.Rxh3 Qxh3
31.Ke1 gxf3 32.Bf1 Qh5 33.Bf2 Bf6 34.Qc5 Qg6 35.Bd3 Qf7 36.Rb7  1-0

[Event "ch-BLR"]
[Site "Minsk BLR"]
[Date "2006.03.10"]
[Round "7"]
[White "Lutsko,I"]
[Black "Maljush,A"]
[Result "0-1"]
[WhiteElo "2487"]
[BlackElo "2355"]

1.c4 g6 2.Nc3 Nf6 3.d4 d5 4.cxd5 Nxd5 5.e4 Nxc3 6.bxc3 Bg7 7.Bc4 c5 8.Ne2 Nc6
9.Be3 O-O 10.Rc1 cxd4 11.cxd4 Qa5+ 12.Kf1 Rd8 13.d5 Ne5 14.Bd2 Qb6 15.Rb1 Qf6
16.Bb3 b6 17.Kg1 Ba6 18.Ng3 Qh4 19.Be3 Bd3 20.Rc1 Bxe4 21.Qd2 Bf6 22.f4 Nf3+
23.gxf3 Bxf3 24.Qf2 Bxh1 25.Kxh1 Rac8 26.Rxc8 Rxc8 27.Ne4 Qh3 28.Nxf6+ exf6
29.Bd2 a5 30.Qg2 Qd3 31.h3 Rd8 32.Be1 Qb1 33.Qg1 a4  0-1

[Event "US Masters"]
[Site "Hendersonville USA"]
[Date "2006.03.19"]
[Round "9"]
[White "Bereolos,P"]
[Black "Haessel,D"]
[Result "1-0"]
[WhiteElo "2307"]
[BlackElo "2183"]

1.d4 Nf6 2.c4 g6 3.Nc3 d5 4.cxd5 Nxd5 5.e4 Nxc3 6.bxc3 Bg7 7.Be3 c5 8.Qd2 Qa5
9.Rb1 cxd4 10.cxd4 Qxd2+ 11.Kxd2 O-O 12.Bd3 Rd8 13.Nf3 e6 14.Rhc1 Nc6 15.Rc4 Na5
16.Rc2 b6 17.Bg5 f6 18.Be3 Bb7 19.Rbc1 Rac8 20.Ke2 Rxc2+ 21.Rxc2 Rc8 22.Rxc8+ Bxc8
23.Bd2 Nb7 24.Bf4 Na5 25.d5 exd5 26.exd5 Bb7 27.d6 Kf7 28.Nd4 a6 29.d7 Ke7
30.Ne6 Kxd7 31.Nxg7 b5 32.g4 Ke7 33.g5 fxg5 34.Bxg5+ Kf7 35.Bd2 Nc4 36.Bxc4+ bxc4
37.Bc3 Bd5 38.Ke3  1-0

[Event "TCh-AUT 2005-6"]
[Site "Austria AUT"]
[Date "2006.03.23"]
[Round "8"]
[White "Danner,G"]
[Black "Kaspret,G"]
[Result "1-0"]
[WhiteElo "2402"]
[BlackElo "2295"]

1.d4 Nf6 2.c4 g6 3.Nc3 d5 4.cxd5 Nxd5 5.e4 Nxc3 6.bxc3 Bg7 7.Be3 O-O 8.Qd2 c5
9.Rc1 Qa5 10.Nf3 Bg4 11.Ng5 cxd4 12.cxd4 Qxd2+ 13.Kxd2 h6 14.h3 Bd7 15.Nf3 f5
16.exf5 gxf5 17.Bc4+ Kh7 18.d5 b5 19.Bd3 e5 20.dxe6 Bxe6 21.Nd4 Bd7 22.Rc7 Kh8
23.Nxb5 a6 24.Nc3 f4 25.Bc5 Re8 26.Ne2 f3 27.gxf3 Bc6 28.Rg1 Be5 29.Rh7+  1-0

[Event "22nd Spring Festival Open"]
[Site "Budapest HUN"]
[Date "2006.03.31"]
[Round "9"]
[White "Bacso,G"]
[Black "Lovas,Z"]
[Result "1/2-1/2"]
[WhiteElo "2200"]
[BlackElo "2104"]

1.d4 Nf6 2.c4 g6 3.Nc3 d5 4.cxd5 Nxd5 5.e4 Nxc3 6.bxc3 Bg7 7.Nf3 c5 8.Rb1 O-O
9.Be2 Nc6 10.d5 Bxc3+ 11.Bd2 Bxd2+ 12.Qxd2 Nd4 13.Nxd4 cxd4 14.Qxd4 Qa5+
15.Qd2 Qxd2+ 16.Kxd2 e6 17.dxe6 Bxe6 18.Rxb7 Rfb8 19.Rhb1 Rxb7 20.Rxb7 Bxa2
21.Ba6 Be6 22.Rc7 Rd8+ 23.Ke3 Rd7 24.Rxd7 Bxd7 25.Kd4 Kf8  1/2-1/2

[Event "TCh-FRA Top 16 Gp A"]
[Site "Montpellier FRA"]
[Date "2006.04.01"]
[Round "6"]
[White "Salaun,Y"]
[Black "Brih,S"]
[Result "0-1"]
[WhiteElo "2335"]
[BlackElo "2224"]

1.d4 Nf6 2.c4 g6 3.Nc3 d5 4.cxd5 Nxd5 5.e4 Nxc3 6.bxc3 Bg7 7.Nf3 c5 8.Rb1 Nc6
9.d5 Ne5 10.Bb5+ Bd7 11.Nxe5 Bxe5 12.O-O Bxb5 13.Rxb5 Qc7 14.c4 Bxh2+ 15.Kh1 Be5
16.Bh6 Rg8 17.Be3 b6 18.f4 Bd4 19.Bxd4 cxd4 20.Qxd4 Rc8 21.Rb4 Qc5 22.Qd2 h6
23.e5 g5 24.Rd1 gxf4 25.d6 Rd8 26.d7+ Kf8 27.Rb5 Qxc4 28.Rb4 Qc6 29.Rd4 Qg6
30.Qe2 Qf5 31.Qf3 Rg4 32.R1d2 Rh4+ 33.Kg1 Qxe5 34.Rc4 Qe1+  0-1

[Event "32nd ch-IND w"]
[Site "Visakhapatnam IND"]
[Date "2006.04.05"]
[Round "3"]
[White "Meenakshi,S1"]
[Black "Harika,D"]
[Result "1/2-1/2"]
[WhiteElo "2289"]
[BlackElo "2358"]

1.d4 Nf6 2.c4 g6 3.Nc3 d5 4.cxd5 Nxd5 5.e4 Nxc3 6.bxc3 Bg7 7.Nf3 c5 8.Rb1 O-O
9.Be2 cxd4 10.cxd4 Qa5+ 11.Qd2 Qxd2+ 12.Bxd2 b6 13.Be3 Ba6 14.Bxa6 Nxa6 15.Ke2 Rfc8
16.Rhc1 e6 17.Rxc8+ Rxc8 18.Rc1 Rc7 19.Rxc7 Nxc7 20.Nd2 Kf8 21.Kd3 Ke7 22.f3 Kd7
23.Nb3  1/2-1/2

[Event "32nd ch-IND w"]
[Site "Visakhapatnam IND"]
[Date "2006.04.06"]
[Round "4"]
[White "Swati,M"]
[Black "Soumya,S"]
[Result "1/2-1/2"]
[WhiteElo "2160"]
[BlackElo "2156"]

1.d4 Nf6 2.c4 g6 3.Nc3 d5 4.cxd5 Nxd5 5.e4 Nxc3 6.bxc3 Bg7 7.Bc4 c5 8.Ne2 O-O
9.Be3 Nc6 10.O-O Na5 11.Bd3 Bg4 12.f3 cxd4 13.cxd4 Be6 14.Rc1 Bxa2 15.Qa4 Bb3
16.Qb4 b6 17.Ba6 Qd7 18.Bb5 Qd6 19.Qxd6 exd6 20.Bd2 d5 21.exd5 Bxd5 22.Bxa5 bxa5
23.Ra1 Bf6 24.Rxa5 Bd8 25.Ra4 Bb6 26.Kf2 Rfd8  1/2-1/2

[Event "7th ch-Euro w"]
[Site "Kusadasi TUR"]
[Date "2006.04.07"]
[Round "4"]
[White "Gilbert,Je"]
[Black "Przezdziecka,M"]
[Result "1/2-1/2"]
[WhiteElo "2098"]
[BlackElo "2202"]

1.d4 Nf6 2.c4 g6 3.Nc3 d5 4.cxd5 Nxd5 5.e4 Nxc3 6.bxc3 Bg7 7.Bc4 O-O 8.Ne2 c5
9.O-O Nc6 10.Be3 Bg4 11.f3 Na5 12.Bxf7+ Rxf7 13.fxg4 Rxf1+ 14.Kxf1 Qd6 15.Kg1 Rd8
16.Qa4 b6 17.h3 c4 18.Rf1 e5 19.d5 Bf6 20.Qb4 Be7 21.Qxd6 Bxd6 22.Ng3 Nb7
23.Rb1 Be7 24.Nf1 Rc8 25.Nd2 Kg7 26.Kf2 Rf8+  1/2-1/2

[Event "TCh-HUN 2005-6"]
[Site "Hungary HUN"]
[Date "2006.04.09"]
[Round "10"]
[White "Berczes,D"]
[Black "Flumbort,A"]
[Result "0-1"]
[WhiteElo "2450"]
[BlackElo "2448"]

1.d4 Nf6 2.c4 g6 3.Nc3 d5 4.cxd5 Nxd5 5.e4 Nxc3 6.bxc3 Bg7 7.Bc4 c5 8.Ne2 Nc6
9.Be3 O-O 10.O-O Na5 11.Bd3 b6 12.Rc1 e5 13.dxe5 Bxe5 14.f4 Bg7 15.e5 Be6
16.c4 Qd7 17.Qc2 Rad8 18.Rcd1 Qe7 19.Ng3 Rxd3 20.Qxd3 Bxc4 21.Qd7 Qxd7 22.Rxd7 Bxf1
23.Kxf1 Nc4 24.Bc1 f6 25.exf6 Bxf6 26.Ne4 Bb2 27.Bxb2 Rxf4+ 28.Ke2 Nxb2 29.Ng5 h6
30.Nf3 Rf7 31.Rd6 Kg7 32.Re6 c4 33.Ne5 Rf6 34.Rxf6 Kxf6 35.Nc6 a5 36.Kd2 Na4
37.Ke3 Ke6 38.Kd4 Kd6 39.Ne5 c3 40.Nc4+ Ke6 41.Na3 b5 42.Ke3 b4 43.Nc4 Kd5
44.Nxa5 Nc5 45.g3 h5 46.Ke2 g5 47.Ke3 g4 48.Ke2 Ke4 49.Nc4 b3 50.axb3 Nxb3  0-1

[Event "XXXVII Open"]
[Site "Mar del Plata ARG"]
[Date "2006.04.10"]
[Round "4"]
[White "Saralegui,M"]
[Black "Ripari,M"]
[Result "0-1"]
[WhiteElo "2196"]
[BlackElo "2324"]

1.d4 Nf6 2.c4 g6 3.Nc3 d5 4.cxd5 Nxd5 5.e4 Nxc3 6.bxc3 Bg7 7.Nf3 c5 8.Rb1 O-O
9.Be2 Nc6 10.d5 Ne5 11.Nxe5 Bxe5 12.Qd2 e6 13.f4 Bg7 14.c4 exd5 15.cxd5 Bd4
16.Bb2 Qb6 17.Bd3 c4 18.Bxc4 Re8 19.Bd3 Bf6 20.Bd4 Qxd4 21.Rb4  0-1

[Event "32nd ch-IND w"]
[Site "Visakhapatnam IND"]
[Date "2006.04.10"]
[Round "9"]
[White "Harika,D"]
[Black "Alka,D"]
[Result "1-0"]
[WhiteElo "2358"]
[BlackElo "2019"]

1.d4 Nf6 2.c4 g6 3.Nc3 d5 4.cxd5 Nxd5 5.e4 Nxc3 6.bxc3 Bg7 7.Bc4 c5 8.Ne2 Nc6
9.Be3 O-O 10.O-O Bg4 11.f3 Na5 12.Bd3 cxd4 13.cxd4 Be6 14.d5 Bxa1 15.Qxa1 f6
16.Bh6 Re8 17.Kh1 Rc8 18.Nf4 Bd7 19.e5 Nc4 20.e6 Ba4 21.Nxg6 hxg6 22.Bxg6 Ne5
23.Be4 Bc2 24.Bxc2 Rxc2 25.Qd1 Qc8 26.f4 Rc1 27.Qxc1 Qxc1 28.Rxc1 Ng4 29.h3 Nxh6
30.g4 Kf8 31.Rc7 Rd8 32.Rd7 Nf7 33.Rxb7 Nd6 34.Rxa7 Nb5 35.Rb7 Nc3 36.Rd7 Ra8
37.d6 exd6 38.Rf7+ Ke8 39.g5 fxg5 40.fxg5 Ne4 41.g6 Ng3+ 42.Kg1 Nh5 43.Rh7 Ra4
44.h4 Re4 45.Rxh5 Rg4+ 46.Kf2 Rxg6 47.a4 Rxe6 48.a5 Kd7 49.a6 Re8 50.a7 Ra8
51.Ra5 Ke6 52.Ke3 Kf6 53.Kd4 Ke6 54.h5 Ke7 55.Kd5 Kd7 56.h6 Kc7 57.Ra1 Kb7
58.Kxd6 Rd8+ 59.Ke7  1-0

[Event "XXXVII Open"]
[Site "Mar del Plata ARG"]
[Date "2006.04.12"]
[Round "6"]
[White "Celestino,G"]
[Black "Ripari,M"]
[Result "0-1"]
[WhiteElo "2206"]
[BlackElo "2324"]

1.d4 Nf6 2.c4 g6 3.Nc3 d5 4.cxd5 Nxd5 5.e4 Nxc3 6.bxc3 Bg7 7.Bc4 O-O 8.Ne2 Nc6
9.O-O b6 10.Be3 Bb7 11.Qd2 Qd6 12.Bh6 e5 13.Bxg7 Kxg7 14.f4 exd4 15.cxd4 Na5
16.Bd3 f5 17.d5 fxe4 18.Bxe4 Rae8 19.Bf3 c5 20.g3 Ba6 21.Rfe1 Nc4 22.Qc3+ Qf6
23.Qxf6+ Kxf6 24.Nc3 Nd6 25.Kf2 Bc4 26.Bg4 Rxe1 27.Rxe1 Re8 28.Be6 b5 29.a3 a5
30.g4 h6 31.h4 Bb3 32.g5+ hxg5 33.fxg5+ Kg7 34.Rh1 b4 35.Ne2 Rf8+ 36.Ke3 Nc4+  0-1

[Event "Foxwoods Open"]
[Site "Ledyards USA"]
[Date "2006.04.13"]
[Round "3"]
[White "Van Wely,L"]
[Black "Mikhalevski,V"]
[Result "1/2-1/2"]
[WhiteElo "2655"]
[BlackElo "2566"]

1.d4 Nf6 2.c4 g6 3.Nc3 d5 4.cxd5 Nxd5 5.e4 Nxc3 6.bxc3 Bg7 7.Bc4 c5 8.Ne2 O-O
9.O-O Nc6 10.Be3 Bg4 11.f3 Na5 12.Bd3 cxd4 13.cxd4 Be6 14.d5 Bxa1 15.Qxa1 f6
16.Qd4 Bd7 17.e5 fxe5 18.Qxe5 Qb8 19.Qxe7 Re8 20.Qc5 b6 21.Qc1 Qc8 22.Qd2 Nc4
23.Bxc4 Qxc4 24.Rc1 Qh4 25.Bf2 Qf6 26.Nc3 Rac8 27.h3 Bf5 28.d6 Red8 29.Bg3 Rc4
30.Nb5 Rxc1+ 31.Qxc1 a6 32.Nc7 Rxd6 33.Bxd6 Qxd6 34.Qc4+ Kf8 35.Nxa6 Be6
36.Qb4 Qxb4 37.Nxb4 Ke7 38.Kf2 Kd6 39.Ke3 Kc5 40.Na6+ Kc4 41.Nc7 Bf7 42.Ke4 Kc5
43.a3 Kc6 44.Na6 Kb5 45.Nb4 Ka4 46.Nd5 Bxd5+ 47.Kxd5 Kxa3 48.f4 b5 49.g4 b4
50.f5 gxf5 51.gxf5 b3 52.f6 b2 53.f7 b1=Q 54.f8=Q+ Qb4 55.Qf5 Qe7 56.Qg4 h5
57.Qf3+ Kb4 58.Qf4+ Kb5 59.Qc4+ Kb6 60.Qc6+ Ka7 61.Qe6 Qxe6+ 62.Kxe6 Kb6
63.Kf6 Kc6 64.Kg5 Kd7 65.Kxh5 Ke7  1/2-1/2

[Event "43rd ch-IND"]
[Site "Visakhapatnam IND"]
[Date "2006.04.14"]
[Round "16"]
[White "Gupta,Ab"]
[Black "Sivanandan,B"]
[Result "1-0"]
[WhiteElo "2434"]
[BlackElo "2452"]

1.d4 g6 2.c4 Nf6 3.Nc3 d5 4.cxd5 Nxd5 5.e4 Nxc3 6.bxc3 Bg7 7.Nf3 c5 8.Rb1 O-O
9.Be2 cxd4 10.cxd4 Qa5+ 11.Bd2 Qxa2 12.O-O Nd7 13.Ra1 Qb2 14.Bc4 Qb6 15.Ba5 Qd6
16.e5 Qb8 17.Qa4 a6 18.Qa2 e6 19.Rfc1 h5 20.Bb3 Re8 21.Ng5 Bh6 22.Ne4 Bxc1
23.Rxc1 Ra7 24.Nd6 Rf8 25.h4 Nf6 26.exf6 Qxd6 27.Qd2 Re8 28.Bb4 Qd8 29.Rxc8  1-0

[Event "7th ch-Euro w"]
[Site "Kusadasi TUR"]
[Date "2006.04.15"]
[Round "11"]
[White "Kachiani,K"]
[Black "Khudaverdieva,A"]
[Result "1-0"]
[WhiteElo "2421"]
[BlackElo "2153"]

1.d4 Nf6 2.c4 g6 3.Nc3 d5 4.cxd5 Nxd5 5.e4 Nxc3 6.bxc3 Bg7 7.Be3 c5 8.Qd2 Qa5
9.Rb1 a6 10.Rc1 Nc6 11.d5 Ne5 12.h3 O-O 13.f4 Nd7 14.Bd3 c4 15.Bb1 Nc5 16.Bd4 f6
17.Nf3 e6 18.O-O exd5 19.exd5 Rd8 20.Qe3 Na4 21.f5 Qxd5 22.fxg6 h6 23.Nh4 Qd6
24.Bf5 Qf8 25.Be6+ Kh8 26.Rxf6 Qe7 27.Rf8+  1-0

[Event "Foxwoods Open"]
[Site "Ledyards USA"]
[Date "2006.04.15"]
[Round "7"]
[White "Van Wely,L"]
[Black "Kudrin,S"]
[Result "1-0"]
[WhiteElo "2655"]
[BlackElo "2553"]

1.d4 Nf6 2.c4 g6 3.Nc3 d5 4.cxd5 Nxd5 5.e4 Nxc3 6.bxc3 Bg7 7.Bc4 c5 8.Ne2 O-O
9.O-O Nc6 10.Be3 Bd7 11.Rb1 a6 12.d5 Ne5 13.Bb3 Qc7 14.f4 Ng4 15.Bc1 c4 16.Bc2 e6
17.dxe6 fxe6 18.e5 Nh6 19.Ba3 Rfe8 20.Bd6 Qc8 21.Nd4 Nf7 22.Ba3 Bc6 23.Nxc6 Qxc6
24.Qd4 Red8 25.Qb6 Qxb6+ 26.Rxb6 Rd2 27.Rf2 Rad8 28.Bc1  1-0

[Event "43rd ch-IND"]
[Site "Visakhapatnam IND"]
[Date "2006.04.17"]
[Round "21"]
[White "Sundararajan,K"]
[Black "Ganguly,S"]
[Result "0-1"]
[WhiteElo "2495"]
[BlackElo "2578"]

1.d4 Nf6 2.c4 g6 3.Nc3 d5 4.cxd5 Nxd5 5.e4 Nxc3 6.bxc3 Bg7 7.Nf3 c5 8.Rb1 O-O
9.Be2 Nc6 10.d5 Bxc3+ 11.Bd2 Bxd2+ 12.Qxd2 Na5 13.h4 Bg4 14.Ng5 Bxe2 15.Kxe2 e6
16.h5 Nc4 17.Qc1 exd5 18.hxg6 fxg6 19.f4 Qa5 20.Rxh7 Qxa2+ 21.Kd3 Ne5+ 22.fxe5 Qa6+
23.Kc3 Qc4+  0-1

[Event "Spring NAm GMA"]
[Site "Schaumburg USA"]
[Date "2006.04.21"]
[Round "8"]
[White "Krush,I"]
[Black "Kriventsov,S"]
[Result "1-0"]
[WhiteElo "2437"]
[BlackElo "2449"]

1.d4 Nf6 2.c4 g6 3.Nc3 d5 4.cxd5 Nxd5 5.e4 Nxc3 6.bxc3 Bg7 7.Bc4 c5 8.Ne2 Nc6
9.Be3 O-O 10.Rc1 cxd4 11.cxd4 Qa5+ 12.Kf1 Bg4 13.f3 Bd7 14.h4 Rad8 15.h5 e5
16.hxg6 hxg6 17.Bd2 Qb6 18.Qe1 Rfe8 19.Qh4 Kf8 20.Qh7 Ne7 21.Bh6 Qf6 22.dxe5 Qxe5
23.f4 Qb2 24.e5 Nf5 25.Bxg7+ Nxg7 26.Qh8+  1-0

[Event "TCh-HUN 2005-6"]
[Site "Hungary HUN"]
[Date "2006.04.23"]
[Round "11"]
[White "Erdos,V"]
[Black "Cao Sang"]
[Result "1-0"]
[WhiteElo "2523"]
[BlackElo "2488"]

1.d4 Nf6 2.c4 g6 3.Nc3 d5 4.cxd5 Nxd5 5.e4 Nxc3 6.bxc3 Bg7 7.Bc4 c5 8.Ne2 Nc6
9.Be3 O-O 10.O-O Qc7 11.Rc1 Na5 12.Bd3 Bd7 13.Qd2 Rfd8 14.f4 b5 15.f5 Nc4
16.Bxc4 bxc4 17.Bh6 Bh8 18.Bf4 Qb6 19.d5 Bg7 20.Rb1 Qa6 21.Ng3 Be8 22.Rf3 Rd7
23.Rbf1 Rad8 24.Qf2 Rc8 25.h4 Qa5 26.h5 Bxc3 27.fxg6 hxg6 28.hxg6 fxg6 29.Be3 Bf6
30.e5 Bxe5 31.Rf8+ Kg7 32.Rxe8 Bf6 33.Rxc8 Rxd5 34.Rxc5  1-0

[Event "XIII TCh-RUS"]
[Site "Sochi RUS"]
[Date "2006.04.25"]
[Round "6"]
[White "Eljanov,P"]
[Black "Areshchenko,A"]
[Result "1/2-1/2"]
[WhiteElo "2665"]
[BlackElo "2660"]

1.d4 Nf6 2.c4 g6 3.Nc3 d5 4.cxd5 Nxd5 5.e4 Nxc3 6.bxc3 Bg7 7.Bc4 c5 8.Ne2 Nc6
9.Be3 O-O 10.O-O Bd7 11.Rb1 Qc7 12.Bd3 a6 13.Qc1 b5 14.Bh6 Bxh6 15.Qxh6 cxd4
16.cxd4 Qb6 17.d5 Ne5 18.Qd2 f5 19.Rbd1 Rad8 20.Bb1 Nc4 21.Qh6 fxe4 22.Bxe4 Qf6
23.Rd4 Nd6 24.Qe3 Bf5 25.Ng3 Nc4 26.Qc3 Be6 27.Rxc4 bxc4 28.Qxf6 Rxf6 29.dxe6 Rd2
30.a4 Rxe6 31.Rc1 Rd4 32.f3 Kg7 33.Ne2 Rd2 34.Kf2 Rb6 35.Ke3 Rbb2 36.Ng3 Rxg2
37.Rxc4 Rxh2 38.Bd3 Rhg2 39.Ne2 Rg5 40.Re4 Kf6 41.Bxa6 Re5 42.Rxe5 Kxe5 43.f4+ Kf5
44.Bd3+ Kg4 45.Kd4  1/2-1/2

[Event "VII TCh-RUS w"]
[Site "Sochi RUS"]
[Date "2006.04.29"]
[Round "10"]
[White "Deriabina,S"]
[Black "Meleshko,T"]
[Result "1-0"]
[WhiteElo "2101"]
[BlackElo "2126"]

1.d4 Nf6 2.c4 g6 3.Nc3 d5 4.cxd5 Nxd5 5.e4 Nxc3 6.bxc3 Bg7 7.Bc4 O-O 8.Ne2 c5
9.O-O cxd4 10.cxd4 Nc6 11.Be3 Na5 12.Bd3 e6 13.Qd2 b6 14.Bh6 Bb7 15.Bxg7 Kxg7
16.Rad1 Rc8 17.Bb1 Nc4 18.Qc3 Kg8 19.Qb3 Qe7 20.Nc3 Na5 21.Qb2 Nc4 22.Qb3 Na5
23.Qb2 Nc4 24.Qa1 Qb4 25.Rc1 Nd2 26.Rfd1 Nxb1 27.Nxb1 Bxe4 28.Nc3 Bb7 29.a3 Qa5
30.f3 Rfd8 31.Ne4 Bxe4 32.fxe4 Qa4 33.d5 Qxe4 34.d6 Qe3+ 35.Kh1 Rxc1 36.Rxc1 e5
37.Rd1 Rd7 38.Qb1 Qc5 39.Qd3 b5 40.h3 b4 41.axb4 Qxb4 42.Qd5 Qf4 43.Qc6 Qf5
44.Rd5 Qe6 45.h4 e4 46.h5 e3 47.Qc8+ Kg7 48.h6+  1-0

[Event "RC SPORT Open"]
[Site "Usti nad Orlici CZE"]
[Date "2006.05.01"]
[Round "4"]
[White "Plat,V"]
[Black "Volf,J"]
[Result "1-0"]
[WhiteElo "2085"]
[BlackElo "2168"]

1.d4 Nf6 2.c4 g6 3.Nc3 d5 4.cxd5 Nxd5 5.e4 Nxc3 6.bxc3 Bg7 7.Bc4 c5 8.Ne2 O-O
9.O-O Nc6 10.Be3 Qc7 11.Bb3 Rd8 12.Qc2 Na5 13.dxc5 Bd7 14.Rab1 e6 15.Rfd1 Bf8
16.Bg5 Rdc8 17.Bf4 Qd8 18.Ba4 Bxa4 19.Qxa4 Qh4 20.Qxa5 Bxc5 21.Bg3 Qxe4 22.Nd4 b6
23.Qb5 h5 24.Qe2 Qxe2 25.Nxe2 Bf8 26.Rd7 Bg7 27.Rbd1 Bxc3 28.Nxc3 Rxc3 29.Be5 Rcc8
30.h4 g5 31.hxg5 Rc2 32.g6  1-0

[Event "14th Sigeman & Co"]
[Site "Malmo SWE"]
[Date "2006.05.03"]
[Round "6"]
[White "Khenkin,I"]
[Black "Atalik,S"]
[Result "0-1"]
[WhiteElo "2602"]
[BlackElo "2632"]

1.d4 Nf6 2.c4 g6 3.Nc3 d5 4.cxd5 Nxd5 5.e4 Nxc3 6.bxc3 Bg7 7.Be3 c5 8.Qd2 cxd4
9.cxd4 Nc6 10.Bb5 O-O 11.Ne2 Qa5 12.Qxa5 Nxa5 13.Rc1 a6 14.Bd3 Bd7 15.Rc7 Bb5
16.Bxb5 axb5 17.Rxe7 Nc4 18.Bc1 Rxa2 19.e5 Rb8 20.Rc7 Bf8 21.h4 Bb4+ 22.Kd1 Nxe5
23.Rh3 Ng4 24.Be3 Re8 25.Nc3 Nxf2+ 26.Bxf2 Rxf2 27.Rf3 Rxg2 28.Rfxf7 Ra8
29.Rg7+ Kf8  0-1

[Event "4th TCh-SCG"]
[Site "Vrnjacka Banja SCG"]
[Date "2006.05.03"]
[Round "3"]
[White "Popov,Si1"]
[Black "Popovic,Pe"]
[Result "0-1"]
[WhiteElo "2481"]
[BlackElo "2501"]

1.d4 Nf6 2.c4 g6 3.Nc3 d5 4.cxd5 Nxd5 5.e4 Nxc3 6.bxc3 Bg7 7.Bb5+ c6 8.Ba4 O-O
9.Ne2 e5 10.O-O Qe7 11.f3 Rd8 12.Rb1 Nd7 13.Bb3 b6 14.Qc2 Ba6 15.Be3 Nf8
16.Rfd1 Ne6 17.d5 cxd5 18.Bxd5 Rac8 19.c4 Bxc4 20.Bxc4 Rxd1+ 21.Rxd1 b5 22.Nc3 Rxc4
23.Qd3 a6 24.Nd5 Qb7 25.Rb1 Rc8 26.a4 Nf4 27.Bxf4 exf4 28.axb5 axb5 29.h4 Rb8
30.Nxf4 b4 31.Rb3 Qa7+ 32.Kf1 Qc7 33.Nd5 Qh2 34.Rxb4 Qh1+ 35.Kf2 Qxh4+ 36.Ke2 Ra8
37.Qb3 Qg3 38.Kd3 Rd8 39.Qc2 f5 40.Qa2 fxe4+ 41.Kc4 exf3 42.gxf3 Qxf3 43.Kc5 Qf8+
44.Kb5 Qf5 45.Kc6 Qd7+ 46.Kc5 Qd6+  0-1

[Event "RC SPORT Open"]
[Site "Usti nad Orlici CZE"]
[Date "2006.05.04"]
[Round "7"]
[White "Likavsky,T"]
[Black "Petr,Ma"]
[Result "0-1"]
[WhiteElo "2492"]
[BlackElo "2416"]

1.d4 Nf6 2.c4 g6 3.Nc3 d5 4.cxd5 Nxd5 5.e4 Nxc3 6.bxc3 Bg7 7.Bc4 c5 8.Ne2 Nc6
9.Be3 O-O 10.O-O Bg4 11.f3 Na5 12.Bd3 cxd4 13.cxd4 Be6 14.d5 Bxa1 15.Qxa1 Bd7
16.Bh6 Qb6+ 17.Kh1 f6 18.Rb1 Qd6 19.Bxf8 Rxf8 20.Qc3 b6 21.Ba6 f5 22.Rc1 fxe4
23.fxe4 Bg4 24.Ng3 Rf2 25.Qe3 Rxa2 26.Qg5 Bd7 27.Nf5 Bxf5 28.exf5 Nb3 29.fxg6 hxg6
30.Rc8+ Kg7 31.Bf1 Qf6 32.Qxf6+ Kxf6 33.h4 Rd2 34.Kh2 Rd4 35.Kh3 Nc5 36.Rc6+ Kg7
37.Rc7 Kf6 38.Rxa7 Rxd5 39.g4 Rd4 40.Bb5 Kf7 41.Ra8 Ne4 42.Rb8 Nf2+ 43.Kg3 Nxg4
44.Be8+ Kg7 45.Rxb6 Nf6 46.Bc6 Nh5+ 47.Kh3 Rd3+ 48.Kh2 Nf4 49.Rb7 Kf6 50.Bd7 e6
51.Kg1 Rh3 52.Rb6 Rxh4 53.Kf2 Rh3 54.Rc6 g5 55.Rc8 g4 56.Rg8 Rf3+ 57.Kg1 g3
58.Bb5 Rc3 59.Ba6 Rc1+  0-1

[Event "XI Ivan Cvitanovic mem"]
[Site "Split CRO"]
[Date "2006.05.05"]
[Round "7"]
[White "Polak,T"]
[Black "Rade,M"]
[Result "1/2-1/2"]
[WhiteElo "2487"]
[BlackElo "2430"]

1.d4 Nf6 2.c4 g6 3.Nc3 d5 4.cxd5 Nxd5 5.e4 Nxc3 6.bxc3 Bg7 7.Nf3 c5 8.Be3 Bg4
9.Qd2 cxd4 10.cxd4 Nc6 11.Rd1 O-O 12.Be2 Qa5 13.O-O Rac8 14.Qxa5 Nxa5 15.Rc1 Nc6
16.d5 Bxf3 17.Bxf3 Nd4 18.Bg4 f5 19.exf5 gxf5 20.Bxd4 Rxc1 21.Rxc1 Bxd4 22.Bd1 Be5
23.g3 f4 24.Bg4 fxg3 25.hxg3 Bd6 26.f4 Kg7 27.Kg2 b5 28.Rc6 Rb8 29.Kf3 a5
30.Ra6 a4 31.Ke4 a3 32.Bd1 b4 33.Rc6 h5 34.Bb3 Rf8 35.Rc2  1/2-1/2

[Event "1st Open"]
[Site "d'Angers FRA"]
[Date "2006.05.06"]
[Round "2"]
[White "Pierson,E"]
[Black "Varlet,N"]
[Result "1-0"]
[WhiteElo "1905"]
[BlackElo "2156"]

1.d4 Nf6 2.c4 g6 3.Nc3 d5 4.cxd5 Nxd5 5.e4 Nxc3 6.bxc3 Bg7 7.Bc4 O-O 8.Ne2 Nc6
9.O-O e5 10.Be3 Re8 11.d5 Na5 12.Bb3 b6 13.Ba4 Rf8 14.Qd3 c5 15.c4 f5 16.f3 Rb8
17.Rab1 Nb7 18.Nc3 Qh4 19.Bc6 Bh6 20.Bxh6 Qxh6 21.d6 Be6 22.Nd5 Rfd8 23.Ne7+ Kf8
24.Bxb7 Rxb7 25.Nc6 Re8 26.Nxe5 Qf4 27.d7 Rd8 28.Qd6+  1-0

[Event "FSIMA May"]
[Site "Budapest HUN"]
[Date "2006.05.07"]
[Round "2"]
[White "Galyas,M"]
[Black "Bednay,B"]
[Result "1/2-1/2"]
[WhiteElo "2380"]
[BlackElo "2169"]

1.d4 Nf6 2.c4 g6 3.Nc3 d5 4.cxd5 Nxd5 5.e4 Nxc3 6.bxc3 Bg7 7.Bc4 c5 8.Ne2 Nc6
9.Be3 O-O 10.O-O cxd4 11.cxd4 Bg4 12.f3 Na5 13.Bd3 Be6 14.Rc1 Bxa2 15.Qa4 Bb3
16.Qb4 Be6 17.d5 b6 18.Rfd1 Bd7 19.Ba6 Bc8 20.Bb5 Qd6 21.Qxd6 exd6 22.Rc7 f5
23.Bd4 Bxd4+ 24.Nxd4 fxe4 25.fxe4 Bg4 26.Rdc1 a6 27.h3 axb5 28.hxg4 Rae8
29.Nxb5 Rxe4 30.Nxd6 Rxg4 31.Re7 Rh4 32.Rcc7 Nb3 33.Nf7 Nd4 34.g3 Rh5 35.d6 Nb5
36.Rb7 Ra8 37.d7 Ra1+ 38.Kf2 Rf5+ 39.Kg2 Ra2+  1/2-1/2